00693nam a2200193 i 450000100060000000300090000600500170001500700030003200800410003510000410007624500690011726000500018630000260023650000470026265000190030985200320032899900170036095201220037721849ES-MaACL20230906152546.0t|021128s1963 sp ||||1| spa d1 aAlejandro, José María de.91969913aLa guerra como categoría europea / cJosé María Alejandro. aZaragoza : bUniversidad de Zaragoza, c1963. aP. 237-282 ; c20 cm. aEs Separata de: Defensa Nacional, vol. IV.04aGuerra.913173 aES-MaACLjC-25790 bR.53516 c21849d21849 00104070aATENEOMbATENEOMcDEPO2d2008-01-17eSCl0oC-25790p1022456r2023-02-23 00:00:00w2023-02-23yMONOGRAFIA